Влияние продолжительности наводороживания на фазовый состав и микротвердость стали 17Х18Н9, формируемые при прокатке; Современные технологии и материалы новых поколений

Xehetasun bibliografikoak
Parent link:Современные технологии и материалы новых поколений.— 2017.— [С. 205-206]
Egile korporatiboa: Институт монокристаллов, Национальный исследовательский Томский политехнический университет (ТПУ), Российская академия наук (РАН) Сибирское отделение (СО) Институт физики прочности и материаловедения (ИФПМ)
Beste egile batzuk: Мельников Е. В., Астафурова Е. Г. Елена Геннадьевна, Майер Г. Г. Галина Геннадьевна, Москвина В. А.
Gaia:Заглавие с экрана
Hizkuntza:errusiera
Argitaratua: 2017
Saila:Функциональные материалы и покрытия
Gaiak:
Sarrera elektronikoa:http://earchive.tpu.ru/handle/11683/43852
Formatua: Baliabide elektronikoa Liburu kapitulua
KOHA link:https://koha.lib.tpu.ru/cgi-bin/koha/opac-detail.pl?biblionumber=624107

MARC

LEADER 00000naa2a2200000 4500
001 624107
005 20231101133309.0
035 |a (RuTPU)RU\TPU\conf\23320 
035 |a RU\TPU\conf\23318 
090 |a 624107 
100 |a 20171031d2017 k y0rusy50 ca 
101 0 |a rus  |e rus 
102 |a RU 
105 |a y z 101zy 
135 |a drcn ---uucaa 
181 0 |a i  
182 0 |a b 
200 1 |a Влияние продолжительности наводороживания на фазовый состав и микротвердость стали 17Х18Н9, формируемые при прокатке  |f Е. В. Мельников [и др.] 
203 |a Текст  |c электронный 
225 1 |a Функциональные материалы и покрытия 
230 |a 1 компьютерный файл (pdf; 255 Кб) 
300 |a Заглавие с экрана 
463 0 |0 (RuTPU)RU\TPU\conf\23187  |t Современные технологии и материалы новых поколений  |o сборник трудов Международной конференции с элементами научной школы для молодежи, г. Томск, 9-13 октября 2017 г.  |f Национальный исследовательский Томский политехнический университет (ТПУ) ; Российская академия наук (РАН), Сибирское отделение (СО), Институт физики прочности и материаловедения (ИФПМ)  |v [С. 205-206]  |d 2017 
610 1 |a электронный ресурс 
610 1 |a продолжительность 
610 1 |a наводороживание 
610 1 |a фазовый состав 
610 1 |a микротвердость 
610 1 |a стали 
610 1 |a прокатка 
610 1 |a 17Х18Н9 
610 1 |a рентгенофазовый анализ 
610 1 |a рентгеноструктурный анализ 
610 1 |a микроиндентирование 
610 1 |a аустенитные стали 
701 1 |a Мельников  |b Е. В. 
701 1 |a Астафурова  |b Е. Г.  |c химик  |c младший научный сотрудник Томского политехнического университета, кандидат физико-математических наук  |f 1977-  |g Елена Геннадьевна  |2 stltpush  |3 (RuTPU)RU\TPU\pers\30665 
701 1 |a Майер  |b Г. Г.  |c специалист в области материаловедения  |c младший научный сотрудник Томского политехнического университета  |g Галина Геннадьевна  |2 stltpush  |3 (RuTPU)RU\TPU\pers\30666 
701 1 |a Москвина  |b В. А. 
712 0 2 |a Институт монокристаллов 
712 0 2 |a Национальный исследовательский Томский политехнический университет (ТПУ)  |c (2009- )  |2 stltpush  |3 (RuTPU)RU\TPU\col\15902 
712 0 2 |a Российская академия наук (РАН)  |b Сибирское отделение (СО)  |b Институт физики прочности и материаловедения (ИФПМ)  |c (Томск)  |2 stltpush  |3 (RuTPU)RU\TPU\col\265 
801 2 |a RU  |b 63413507  |c 20171103  |g RCR 
856 4 |u http://earchive.tpu.ru/handle/11683/43852 
942 |c BK